000
00281nam a2200109Ia 4500
008
230206s9999 xx 000 0 und d
022
_a
0972-3528
041
_a
eng
100
_a
Nandy D, Ed.
_9
119226
245
_a
The Management Accountant
260
_b
CMA Dr AS Durga Prasad
_a
Kolkata
999
_c
97677
_d
97677